Devine le dessin animé avec 2 mots - Statistiques

Statistiques générales
  • Ce quiz a été pris 1 755 fois
  • Le résultat moyen est 11 sur 20
Statistiques - réponses
Indice nom du dessins animés % Correct
éponge, jaune Bob l'éponge
99%
football, rue Foot 2 rue
82%
cafard, chat Oggy et les cafards
82%
chat, souris Tom et Jerry
82%
tortue, chaussure Franklin
72%
ours, brun Petit ours brun
72%
éléphant, roi Babar
69%
dinosaure, train Dinotrain
65%
cochon, maison Peppa Pig
65%
Jaune, famille Les Simpson
55%
adolescente, espionne Totally Spies
54%
hyène, requin Zig et Sharko
51%
manchot, doudou T'choupi
48%
sac, frange Dora L'exploratrice
46%
amis, condor Les mystérieuses cités d'or
43%
volleyball, amoureux Jeanne et Serge
33%
pantin, jouet Oui-Oui
26%
antenne, couleur Les télétubbies
23%
souris, amis La maison de Mickey
21%
minuscule, sorcière Kirikou et la sorcière
8%
Aucun quiz correspondant
Distribution des résultats
% des personnes avec chaque résultat
Percentile par nombre de réponses
Votre historique - résultats
Vous n’avez pas pris ce quiz